| 000 | 01619nam a22003850a 4500 | ||
|---|---|---|---|
| 001 | PT15777 | ||
| 003 | AR-LpoUNG | ||
| 005 | 20210131232649.0 | ||
| 008 | 191001s1992||||sp |||||||||||||||||spa d | ||
| 020 |
_a8474235286 _c$13.16 |
||
| 040 |
_aAR-LpoUNG _bspa _cAR-LpoUNG _eaacr |
||
| 041 | _aspa | ||
| 044 | _asp | ||
| 082 | 0 | _a909.81 946gen | |
| 100 | 1 | _aWrigley, E. A. | |
| 245 | 1 | 0 |
_aGentes, ciudades y riqueza : _bLa transformación de la sociedad tradicional |
| 250 | _a1ra. ed. | ||
| 260 |
_aBarcelona : _bCrítica, _c1992. |
||
| 300 |
_a476 p. : _btbls., gráfs., mapas. |
||
| 520 | _a<p>El libro analiza las transformaciones que dieron lugar a que, entre los siglos XVI y XIX, Europa emprendiera una trayectoria de rápido crecimiento económico y de transformación social que iba a ponerla por delante del resto del mundo. Este cambio se examina tanto en lo que se refiere a la gentes (la naturaleza de la revolución dermográfica, que condujo al descenso de la fecundidad y a la limitación de las familias), como a las ciudades (el proceso de urbanización y su relación con las transformaciones agrícolas y con la industrialización) y a la riqueza.</p> | ||
| 650 | 4 | _aANALISIS HISTORICO | |
| 650 | 4 | _aCAMBIO SOCIAL | |
| 650 | 4 | _aEUROPA | |
| 650 | 4 | _aHISTORIA | |
| 650 | 4 | _aHISTORIA SOCIAL | |
| 650 | 4 | _aINDUSTRIALIZACION | |
| 650 | 4 | _aMODERNIZACION | |
| 650 | 4 | _aSOCIEDAD INDUSTRIAL | |
| 650 | 4 | _aTRANSICION DEMOGRAFICA | |
| 650 | 4 | _aURBANIZACION | |
| 651 | 4 | _aDOCUMENTOS TEORICOS O METODOLOGICOS | |
| 700 | 1 |
_aGavilán, Enrique _etr. |
|
| 905 | _a15777 | ||
| 942 | _cLSALA | ||
| 999 |
_c16844 _d16844 |
||